Reinforced concrete in architecture. (Record no. 18137)

000 -LEADER
fixed length control field 00885cam a22002891 4500
001 - CONTROL NUMBER
control field 8880210
005 - DATE AND TIME OF LATEST TRANSACTION
control field 20161202155023.0
008 - FIXED-LENGTH DATA ELEMENTS--GENERAL INFORMATION
fixed length control field 750811s1958 nyua b 000 0 eng
010 ## - LIBRARY OF CONGRESS CONTROL NUMBER
LC control number 58007196
015 ## - NATIONAL BIBLIOGRAPHY NUMBER
National bibliography number GB58-10306
035 ## - SYSTEM CONTROL NUMBER
System control number (OCoLC)1534447
040 ## - CATALOGING SOURCE
Original cataloging agency DLC
Transcribing agency FM
Modifying agency OCoLC
-- Uk
-- DLC
042 ## - AUTHENTICATION CODE
Authentication code premarc
050 00 - LIBRARY OF CONGRESS CALL NUMBER
Classification number NA4125.R2 1958
Item number .R2
100 1# - MAIN ENTRY--PERSONAL NAME
Personal name Raafat, Aly Ahmed.
245 10 - TITLE STATEMENT
Title Reinforced concrete in architecture.
260 ## - PUBLICATION, DISTRIBUTION, ETC. (IMPRINT)
Place of publication, distribution, etc. New York,
Name of publisher, distributor, etc. Reinhold
Date of publication, distribution, etc. [1958]
300 ## - PHYSICAL DESCRIPTION
Extent 240 p.
Other physical details illus.
Dimensions 27 cm.
504 ## - BIBLIOGRAPHY, ETC. NOTE
Bibliography, etc Includes bibliography.
650 #0 - SUBJECT ADDED ENTRY--TOPICAL TERM
Topical term or geographic name as entry element Reinforced concrete construction.
650 #0 - SUBJECT ADDED ENTRY--TOPICAL TERM
Topical term or geographic name as entry element Architecture, Modern
Chronological subdivision 20th century.
906 ## - LOCAL DATA ELEMENT F, LDF (RLIN)
a 7
b cbc
c oclcrpl
d u
e ncip
f 19
g y-gencatlg
942 ## - ADDED ENTRY ELEMENTS (KOHA)
Source of classification or shelving scheme
Koha item type Hard Covered Materials
Classification part NA4125.R2 1958
Holdings
Withdrawn status Lost status Source of classification or shelving scheme Damaged status Not for loan Home library Current library Shelving location Date acquired Source of acquisition Total Checkouts Full call number Barcode Date last seen Price effective from Koha item type
          MACHAKOS UNIVERSITY LIBRARY MACHAKOS UNIVERSITY LIBRARY Technical section 02/12/2016 Donation(B.F.A)   NA4125.R2 1958 28871 11/07/2018 02/12/2016 Hard Covered Materials
© Machakos University Library, Along The Highway, Machakos Wote Rd, Machakos, Kenya P.O. Box 136 - 90100 Machakos - Kenya

Tel: ( +254 ) 723 805829 OR Fax : 044-20353 OR Email: library@mksu.ac.ke